| 000 | 00679nam a22002177a 4500 | ||
|---|---|---|---|
| 999 |
_c14292 _d14292 |
||
| 003 | AR-CdUCM | ||
| 008 | 190422b ||||| |||| 00| 0 spa d | ||
| 020 | _a978-612-316-421-8 | ||
| 040 |
_aMUNICIPALIDAD PROVINCIAL DEL CUSCO _cBIBLIOTECA MUNICIPAL DEL CUSCO |
||
| 041 | _heng | ||
| 082 |
_aPI / 376.12 / _bB81 |
||
| 100 |
_aBracken, Beth _933021 |
||
| 245 | _aÁlex ayuda a ordenar su cuarto / | ||
| 260 |
_aLima : _bEds. sm, _c2016. |
||
| 300 |
_a22 páginas ; _bIlustraciones, _c21 cm. |
||
| 650 |
_aLiteratura infantil _9588 |
||
| 650 |
_aCuentos infantiles _93927 |
||
| 700 |
_aFreund, Alejandra (traducción) _933022 |
||
| 942 |
_2ddc _cLIBROS |
||
| 945 |
_aacv _d2019-04-22 |
||